My childhood on my shoulders / (Record no. 151597)

MARC details
000 -LEADER
fixed length control field 00665nam a22002057a 4500
005 - DATE AND TIME OF LATEST TRANSACTION
control field 20180419172849.0
010 ## - LCCN (DPL NO)
LC control number ENG-122648
020 ## - INTERNATIONAL STANDARD BOOK NUMBER
Terms of availability 595.00
International Standard Book Number 9780199478774
035 ## - SYSTEM CONTROL NUMBER
System control number EN-106180
037 ## - SOURCE OF ACQUISITION
Source of stock number/acquisition DBAD/PUB
082 ## - DEWEY DECIMAL CLASSIFICATION NUMBER
Classification number 921
100 ## - MAIN ENTRY--PERSONAL NAME
Personal name Bechain,Sheoraj Singh
245 ## - TITLE STATEMENT
Title My childhood on my shoulders /
Statement of responsibility, etc by Sheoraj Singh Bechain ; translated from hindi by Deeba Zafir [and] Tapan Basu
260 ## - PUBLICATION, DISTRIBUTION, ETC. (IMPRINT)
Date of publication, distribution, etc 2018
Place of publication, distribution, etc New Delhi
Name of publisher, distributor, etc Oxford University Press
270 ## - ADDRESS
Address 2/1 Ground Floor,Ansari Road Daryaganj,
City New Delhi
Postal code 110002
300 ## - PHYSICAL DESCRIPTION
Dimensions 21cm(pbk)
Extent 254P.
700 ## - ADDED ENTRY--PERSONAL NAME
Personal name Deeba Zafir
710 ## - ADDED ENTRY--CORPORATE NAME
Corporate name or jurisdiction name as entry element Basu,Tapan
942 ## - ADDED ENTRY ELEMENTS (KOHA)
Item type English Books
Source of classification or shelving scheme Dewey Decimal Classification
Call number suffix MYC
Classification part 921
Holdings
Withdrawn status Lost status Not for loan Collection code Home library Current library Date acquired Source of acquisition Cost, normal purchase price Full call number Barcode Copy number Cost, replacement price Koha item type
    Not For Loan Non-fiction D.B.Act.Division Sarojini Nagar 19/04/2018 DBAD/PUB 595.00 921 MYC EN-106180 1 595.00 English Books

© Delhi Public Library
Hit Counter
free hit counter